Tourfilm Slovakia rozbieha novú tradíciu v oblasti propagácie cestovného ruchu

Bibliographic Details
Main Author: Kuminiaková, Viera (Author)
Format: Article
Language:Slovak
Subjects:

MARC

LEADER 00000nab a2200000 a 4500
001 vtls000673541
003 SK-MaSNL
005 20260302190742.0
008 180205c1998 xo 0 slo
015 |a SNBRB1998/10-27629 
035 |a CLN000025717 
040 |a SNKBUCL  |b slo  |c SNKBUCL  |e AACR2 
041 0 |a slo 
044 |a xo  |c SK 
080 |a 791.43.091.4:791.43.05:338.48  |2 UDC-MRF-SK2 
080 |a 791.43.05  |2 UDC-MRF-SK2 
080 |a 338.48  |2 UDC-MRF-SK2 
100 1 |a Kuminiaková, Viera  |4 aut  |9 843176 
245 1 0 |a Tourfilm Slovakia rozbieha novú tradíciu v oblasti propagácie cestovného ruchu  |c Viera Kuminiaková 
611 1 7 |a Tourfilm Slovakia  |n 1.  |d 1998  |c Bratislava, Slovensko  |2 snkbucl  |9 897600 
655 7 |a články z novín a časopisov  |2 snkbucl  |9 267496 
773 0 |x 1335-0684  |t Trend  |g Roč. 8, č. 44 (1998), s. 25A 
850 |a Slovenská národná knižnica v Martine 
852 |a SNK  |b KIS3GCP 
958 |a RBX 
999 |c 1434708  |d 1436638